| 000 | 00570nam a2200193Ia 4500 | ||
|---|---|---|---|
| 003 | SISC | ||
| 005 | 20181129155956.0 | ||
| 008 | 181129s9999 xx 000 0 und d | ||
| 020 | _a9780198377764 | ||
| 050 |
_aPE 1471 _b.L536 2016 |
||
| 100 | _aLekanides, Kosta | ||
| 245 |
_cKosta Lekanides _aExtended essay: _bcourse companion/ |
||
| 260 |
_aUK : _bOxford University Press _c2016 |
||
| 300 |
_avi, 146 pages : _bcol. illustration ; _c27 cm. |
||
| 500 | _aincludes index | ||
| 650 | _aPlanning extended essay | ||
| 650 | _aWriting extended essay | ||
| 942 |
_2lcc _cBK |
||
| 999 |
_c360328 _d360328 |
||